[Event "AUT-chT 0102"]
[Site "Austria"]
[Date "2002.03.10"]
[Round "11.4"]
[White "Steflitsch, Erich"]
[Black "Niedermayr, Horst"]
[Result "1/2-1/2"]
[WhiteElo "2371"]
[BlackElo "2178"]
[PlyCount "81"]
[EventDate "2001.10.31"]
[EventType "team-tourn"]
[EventRounds "11"]
[EventCountry "AUT"]
[SourceTitle "EXT 2002"]
[Source "ChessBase"]
[SourceDate "2001.11.25"]
[SourceVersion "1"]
[SourceVersionDate "2001.11.25"]
[SourceQuality "1"]
[WhiteTeam "Klagenfurter Die"]
[BlackTeam "Linz SK Voest"]
[WhiteTeamCountry "AUT"]
[BlackTeamCountry "AUT"]

1. e4 d5 2. exd5 Qxd5 3. Nc3 Qa5 4. d4 c6 5. Bc4 Bf5 6. Nf3 e6 7. Bd2 Nd7 8. Qe2 Bb4 9. 0-0 Ngf6 10. a3 Bxc3 11. Bxc3 Qc7 12. Rad1 0-0 13. Bd3 Bxd3 14. Rxd3 Nd5 15. Bd2 Nf4 16. Bxf4 Qxf4 17. Rfd1 Rad8 18. c3 h6 19. Ne1 Nf6 20. Rg3 Rd5 21. Nd3 Qe4 22. Re3 Qf5 23. Rf3 Qe4 24. Re3 Qf5 25. Re1 Rfd8 26. Rf3 Qh7 27. Ne5 Rf8 28. Qe3 Qc2 29. Nd3 Rg5 30. Re2 Qd1+ 31. Re1 Qc2 32. Re2 Qd1+ 33. Re1 Qc2 34. Rc1 Qb3 35. h4 Rg4 36. Ne5 Re4 37. Qd2 Rd8 38. Rxf6 Rxe5 39. Rf3 Re4 40. g3 e5 41. Rd3 1/2-1/2

[Event "AUT-chT 0102"]
[Site "Austria"]
[Date "2002.01.20"]
[Round "8.4"]
[White "Kindermann, Stefan"]
[Black "Steflitsch, Erich"]
[Result "1-0"]
[WhiteElo "2520"]
[BlackElo "2371"]
[PlyCount "67"]
[EventDate "2001.10.31"]
[EventType "team-tourn"]
[EventRounds "11"]
[EventCountry "AUT"]
[SourceTitle "EXT 2002"]
[Source "ChessBase"]
[SourceDate "2001.11.25"]
[SourceVersion "1"]
[SourceVersionDate "2001.11.25"]
[SourceQuality "1"]
[WhiteTeam "Graz Merkur Versicherung"]
[BlackTeam "Klagenfurter Die"]
[WhiteTeamCountry "AUT"]
[BlackTeamCountry "AUT"]

1. e4 e6 2. d4 d5 3. Nd2 Nf6 4. e5 Nfd7 5. c3 c5 6. Bd3 Nc6 7. Ne2 cxd4 8. cxd4 f6 9. exf6 Nxf6 10. Nf3 Bd6 11. 0-0 0-0 12. Bf4 Bxf4 13. Nxf4 Ne4 14. Qc1 Ng5 15. Nxg5 Qxg5 16. Ne2 Qf6 17. Qe3 e5 18. dxe5 Nxe5 19. b3 Bd7 20. Rad1 Rae8 21. Qd2 Bg4 22. f3 Bd7 23. Bb1 Bc6 24. Nd4 Ng6 25. Bxg6 Qxg6 26. Rc1 Rf6 27. Rc3 Re5 28. Re1 Rxe1+ 29. Qxe1 h6 30. Re3 Kh7 31. Re7 Rf7 32. Rxf7 Qxf7 33. Qe5 Qg6 34. Kf2 1-0

[Event "AUT-chT 0102"]
[Site "Austria"]
[Date "2001.11.01"]
[Round "2.4"]
[White "Lendwai, Reinhard"]
[Black "Steflitsch, Erich"]
[Result "0-1"]
[WhiteElo "2372"]
[BlackElo "2371"]
[PlyCount "60"]
[EventDate "2001.10.31"]
[EventType "team-tourn"]
[EventRounds "11"]
[EventCountry "AUT"]
[SourceTitle "EXT 2002"]
[Source "ChessBase"]
[SourceDate "2001.11.25"]
[SourceVersion "1"]
[SourceVersionDate "2001.11.25"]
[SourceQuality "1"]
[WhiteTeam "Gamlitz"]
[BlackTeam "Klagenfurter Die"]
[WhiteTeamCountry "AUT"]
[BlackTeamCountry "AUT"]

1. e4 e5 2. Bc4 Nf6 3. d3 d5 4. exd5 Nxd5 5. Nf3 Nc6 6. 0-0 Bc5 7. Re1 0-0 8. Nxe5 Qh4 9. Nf3 Qxf2+ 10. Kh1 Nf6 11. Re2 Ng4 12. c3 b5 13. Bd5 Bb7 14. Nbd2 Rae8 15. Ne4 Rxe4 16. dxe4 b4 17. Bg5 Ba6 18. Rd2 bxc3 19. bxc3 Na5 20. h3 Ne3 21. Bxe3 Qxe3 22. Ne5 Bd6 23. Nxf7 Rxf7 24. Rb2 Nc6 25. Bxf7+ Kxf7 26. Qd5+ Ke7 27. Qxc6 Qg3 28. e5 Qxe5 29. g4 Bd3 30. Rb4 Qh2# 0-1